000 00671nam a22001817a 4500
003 CEME
005 20210628202458.0
008 210122b xxu||||| |||| 00| 0 eng d
020 _a0-85296-999-6
040 _c.
082 _a621.381548 KUL
100 _aKularatna, Nihal
_960075
245 _aDigital and analogue instrumentation testing and measurement
260 _aNEW YORK
_bTHE INSTITUTE OF ELECTRICAL ENGINEERING
_c2003
300 _aXXIII,645 P
650 _aELECTRONIC INSTRUMENT -TESTING.ENABLING TECHNOLOGIES.DATA CONVERTERS.OSCILLOSCOPES.DSO TECHNIQUES.ELECTRONIC COUNTERS.SPECTRUM ANALYSIS.SENSORS.CALIBRATION OF INSTRUMENTS.
_960076
942 _cBK
_2ddc
999 _c569903
_d569903